Score 0/48 Timer 05:00
0 Plays Today
Clue 4-Letter Word % Correct
★ SUPERMAN: CLARK ____★KENT★
99.2%
Popular soft drink Coca-____COLA
94.7%
Fictional British spy: James ____BOND
94.2%
Not hotCOLD
93.1%
★ BATMAN: THE BRAVE AND THE ____★BOLD★
91.9%
2002 Movie: '____ It Like Beckham'BEND
91.8%
You might eat this on the cobCORN
91.8%
Not straightBENT
91.5%
Frog relativeTOAD
89.4%
Ripped or tatteredTORN
88.8%
Tattled onTOLD
86.2%
Castle's watery protectionMOAT
84.1%
Three-___ slothTOED
84%
Regina's mother in 'Once Upon a Time'CORA
83.4%
★ TWO FACE: HARVEY ____★DENT★
83%
Retained somethingKEPT
82.9%
Bank offeringLOAN
82.7%
Avenue relativeROAD
82.3%
Fill up a truckLOAD
81.8%
Gender balanced, like a schoolCO-ED
81.6%
Wail or complainMOAN
81%
Dark red root vegetableBEET
80.6%
Pb on the period tableLEAD
80.4%
Actor Benicio Del ____TORO
79.5%
Clue 4-Letter Word % Correct
A washed up person: has-___BEEN
79.3%
The highest amount ofMOST
78.2%
Action in a churchPRAY
77.6%
A drama on the stagePLAY
75.5%
PeruseREAD
75.1%
Cafeteria carrierTRAY
74.4%
Cabinet group (abbrev.)DEPT
67.9%
★ ROBIN: JASON ____★TODD★
67.3%
The storyline of eventsPLOT
67.3%
TV show that starred Matthew FoxLOST
67%
A cunning tactic in warPLOY
65.7%
List of actions you must completeTO-DO
63.8%
★ FLASH: WALLY ____★WEST★
62.7%
Item used to hold up clothing BELT
59.2%
For fear thatLEST
57.1%
A red, inflamed lump on the skinWELT
56%
★ WONDERGIRL: DONNA ____★TROY★
55.2%
A pre-set scheme or designPLAN
54.8%
Jeff Bridges 1982 sci-fi movieTRON
52.7%
A map drawn into lotsPLAT
52.1%
Small, brownish birdWREN
44.5%
Rock band with Aaron FreemanWEEN
43.2%
Spanish for choo-chooTREN
41.9%
★ GREEN LANTERN: ____ SCOTT ★★ALAN★
34.4%

Today's Daily Dose

Remove Ads.
Support Sporcle.
Get the best of Sporcle when you Go Orange. This ad-free experience offers more features, more stats, and more fun while also helping to support Sporcle. Thank you for becoming a member.

You're not logged in!

Compare scores with friends on all Sporcle quizzes.
OR
Log In

Show Comments

Extras

Top Quizzes Today


Score Distribution

Your Account Isn't Verified!

In order to create a playlist on Sporcle, you need to verify the email address you used during registration. Go to your Sporcle Settings to finish the process.

Report this User

Report this user for behavior that violates our Community Guidelines.

Details: